000 00467nam a2200181Ia 4500
008 240925s9999 xx 000 0 und d
020 _a333775228
082 _a621.382 OTU
100 _aOtung, Ifiok
245 0 _aCommunication Engineering Principles
250 _aNA
260 _aLondon:
_bPalgrave
_c,2001.
300 _axxvi,725p.
_bNA
_fOriginal
500 _aIncludes Index
600 _aTelecommunication Engineering
650 _aTechnology
942 _cBK
999 _c9207
_d9207